| 000 | 00430cam a2200169ua 4500 | ||
|---|---|---|---|
| 020 | _c2.25 | ||
| 041 |
_amal _h |
||
| 082 |
_a894.812308 _bVIS/CI |
||
| 100 | _aViswambharan, Chelattu . | ||
| 245 |
_aCitizen Tom pain ,vol 2 / _cChelattu Viswambharan. _hTextual Documents |
||
| 260 |
_aAlleppy : _bSouthern Bookstall , _c1960. |
||
| 300 | _a191 ; . | ||
| 365 | _a2.25 | ||
| 504 | _a | ||
| 942 | _cBK | ||
| 999 |
_c1212 _d1212 |
||